[Event "German Masters Women 2018"]
[Site "Dresden"]
[Date "2018.08.09"]
[Round "6.3"]
[White "Schleining, Zoya"]
[Black "Osmanodja, Filiz"]
[Result "1-0"]
[WhiteElo "2397"]
[BlackElo "2350"]
[Annotator "NA"]
[PlyCount "81"]
[EventDate "2018.08.04"]
[EventType "tourn"]
[EventCountry "GER"]
[SourceTitle "playchess.com"]
[Source "ChessBase"]
[SourceQuality "1"]
[TimeControl "40/5400+30:1800+30"]

1. Nf3 {[%emt 1:30:27]} c5 {[%emt 1:30:30]} 2. c4 {[%emt 1:30:46]} Nc6 {[%emt 1:29:43]} 3. d4 {[%emt 1:31:02]} cxd4 {[%emt 1:27:48]} 4. Nxd4 {[%emt 1:31:20]} g6 {[%emt 1:20:22]} 5. e4 {[%emt 1:31:17]} Bg7 {[%emt 1:20:17]} 6. Be3 {[%emt 1:31:25]} Nf6 {[%emt 1:18:42]} 7. Nc3 {[%emt 1:31:42]} d6 {[%emt 1:17:58]} 8. Be2 {[%emt 1:31:25]} O-O {[%emt 1:16:21]} 9. Qd2 {[%emt 1:31:13]} Ng4 {[%emt 1:13:41]} 10. Bxg4 {[%emt 1:30:42]} Bxg4 {[%emt 1:13:41]} 11. O-O {[%emt 1:29:47]} Rc8 {[%emt 1:05:14]} 12. b3 {[%emt 1:28:34]} a6 {[%emt 1:04:14] LiveBook: 7 Games} 13. Rac1 {[%emt 1:25:09]} Bd7 {[%emt 0:52:23]} 14. Rfd1 $14 {[%emt 1:22:54]} Re8 {[%emt 0:40:49]} 15. Nd5 {[%emt 1:14:36]} Ne5 {[%emt 0:34:54]} 16. h3 {[%emt 0:59:24]} Rb8 {[%emt 0:23:01]} 17. Bh6 {[%emt 0:47:12]} Bh8 {[%emt 0:15:48]} 18. Bg5 {[%emt 0:46:23]} f6 {[%emt 0:12:36]} 19. Be3 {[%emt 0:45:49]} Nf7 {[%emt 0:08:33]} 20. Nf3 {[%emt 0:39:51]} b6 {[%emt 0:07:15]} 21. Qb4 {[%emt 0:36:35]} a5 {[%emt 0:07:21]} 22. Qd2 {[%emt 0:36:32]} e6 {[%emt 0:05:26]} 23. Nc3 {[%emt 0:34:45]} Bg7 {[%emt 0:03:40]} 24. Nd4 {[%emt 0:34:28]} Bf8 {[%emt 0:02:54]} 25. Ndb5 {[%emt 0:34:08]} Bc6 {[%emt 0:02:32]} 26. f3 {[%emt 0:33:24]} Rb7 {[%emt 0:33:03]} 27. Qf2 {[%emt 0:33:03]} Qb8 {[%emt 0:00:40]} 28. Kh1 Be7 29. Rc2 {[%emt 0:28:35]} Bd8 {[%emt 0:00:21]} 30. Bf4 {[%emt 0:00:25]} Rd7 {[%emt 0:28:02]} 31. Rcd2 {[%emt 0:28:02]} Bc7 {[%emt 0:00:09]} 32. Na4 {[%emt 0:22:43]} Bxb5 {[%emt 0:00:31]} 33. cxb5 {[%emt 0:23:07]} Bd8 {[%emt 0:00:08]} 34. Rc2 {[%emt 0:00:11]} Rc7 {[%emt 0:21:50]} 35. Rdc1 {[%emt 0:21:50]} Ne5 {[%emt 0:00:20]} 36. Rxc7 {[%emt 0:20:19]} Bxc7 {[%emt 0:00:43]} 37. Qc2 {[%emt 0:20:19]} Re7 {[%emt 0:00:37]} 38. Be3 {[%emt 0:17:50]} Kf7 {[%emt 0:00:06]} 39. f4 {[%emt 0:17:32]} d5 {[%emt 0:00:08]} 40. fxe5 {[%emt 0:17:38]} fxe5 {[%emt 0:00:14]} 41. Bg5 {[%emt 0:14:23]} 1-0

[Event "German Masters Women 2018"]
[Site "Dresden"]
[Date "2018.08.09"]
[Round "6.4"]
[White "Hoolt, Sarah"]
[Black "Heinemann, Josefine"]
[Result "0-1"]
[WhiteElo "2357"]
[BlackElo "2261"]
[Annotator "NA"]
[PlyCount "142"]
[EventDate "2018.08.04"]
[EventType "tourn"]
[EventCountry "GER"]
[SourceTitle "playchess.com"]
[Source "ChessBase"]
[SourceQuality "1"]
[TimeControl "40/5400+30:1800+30"]

1. c4 {[%emt 1:30:27]} c5 {[%emt 1:29:35]} 2. g3 {[%emt 1:30:45]} Nc6 {[%emt 1:29:00]} 3. Bg2 {[%emt 1:30:45]} g6 {[%emt 1:29:22]} 4. Nc3 {[%emt 1:31:03]} Bg7 {[%emt 1:29:45]} 5. a3 {[%emt 1:31:28]} Nf6 {[%emt 1:26:52]} 6. Rb1 {[%emt 1:31:31]} a5 {[%emt 1:25:58]} 7. e4 {[%emt 1:31:42]} d6 {[%emt 1:24:51]} 8. Nge2 {[%emt 1:30:34]} O-O {[%emt 1:24:40]} 9. O-O {[%emt 1:29:53]} Ne8 {[%emt 1:24:06]} 10. Nb5 {[%emt 1:24:45]} Nc7 {[%emt 1:21:21]} 11. Nec3 {[%emt 1:23:46]} Nxb5 {[%emt 1:18:22]} 12. Nxb5 {[%emt 1:23:15]} Be6 {[%emt 1:16:15]} 13. d3 {[%emt 1:23:00]} Qd7 {[%emt 1:16:12]} 14. Bd2 {[%emt 1:13:15]} Nd4 {[%emt 1:05:30]} 15. Nxd4 {[%emt 1:10:24]} Bxd4 {[%emt 1:05:56]} 16. Bc3 {[%emt 1:09:53]} b5 $11 {[%emt 0:59:38]} 17. Bxd4 {[%emt 1:01:28]} cxd4 {[%emt 1:00:03]} 18. f4 {[%emt 0:46:37]} Rab8 {[%emt 0:54:02]} 19. Rf2 {[%emt 0:33:43]} f6 {[%emt 0:47:05]} 20. b4 {[%emt 0:28:44]} axb4 {[%emt 0:44:29]} 21. axb4 {[%emt 0:29:06]} bxc4 {[%emt 0:40:13]} 22. dxc4 {[%emt 0:29:34]} Rfc8 {[%emt 0:37:52]} 23. Bf1 {[%emt 0:27:11]} Bxc4 {[%emt 0:34:11]} 24. Qxd4 {[%emt 0:27:33]} Bxf1 {[%emt 0:34:36]} 25. Rfxf1 {[%emt 0:27:05]} Qb5 {[%emt 0:34:44]} 26. e5 {[%emt 0:22:31]} dxe5 {[%emt 0:30:24]} 27. fxe5 {[%emt 0:22:44]} Qxe5 {[%emt 0:29:29]} 28. Qxe5 {[%emt 0:22:56]} fxe5 {[%emt 0:29:55]} 29. Rfe1 {[%emt 0:21:40]} Rb5 {[%emt 0:29:15]} 30. Re4 {[%emt 0:21:56]} Kf7 {[%emt 0:27:02]} 31. Rb2 {[%emt 0:18:32]} Ke6 {[%emt 0:23:01]} 32. Kf2 {[%emt 0:17:18]} Kf5 {[%emt 0:20:55]} 33. Kf3 {[%emt 0:08:46]} Rc3+ {[%emt 0:18:45]} 34. Re3 {[%emt 0:09:11]} e4+ {[%emt 0:19:00]} 35. Ke2 {[%emt 0:08:50]} Rc4 {[%emt 0:19:11]} 36. Reb3 {[%emt 0:09:15]} h5 {[%emt 0:18:25]} 37. h3 {[%emt 0:07:22]} e5 {[%emt 0:18:23]} 38. Ke3 {[%emt 0:07:26]} Ke6 {[%emt 0:18:11]} 39. g4 {[%emt 0:04:15]} hxg4 {[%emt 0:13:42]} 40. hxg4 {[%emt 0:04:39]} Kf6 {[%emt 0:13:56]} 41. Rf2+ {[%emt 0:00:31]} Kg5 {[%emt 0:12:46]} 42. Rg2 {[%emt 0:00:54]} Rcxb4 {[%emt 0:12:44]} 43. Rxb4 {[%emt 0:01:01]} Rxb4 {[%emt 0:13:10]} 44. Rg1 {[%emt 0:00:44]} Ra4 {[%emt 0:11:52]} 45. Rg2 {[%emt 0:00:45]} Kh4 {[%emt 0:09:01]} 46. g5 {[%emt 0:00:07]} Kh3 {[%emt 0:08:55]} 47. Rg1 {[%emt 0:28:48]} Rb4 {[%emt 0:39:12]} 48. Rh1+ {[%emt 0:22:31]} Kg4 {[%emt 0:37:56]} 49. Rg1+ {[%emt 0:22:56]} Kf5 {[%emt 0:38:23]} 50. Rf1+ {[%emt 0:23:21]} Kxg5 {[%emt 0:38:45]} 51. Rg1+ {[%emt 0:23:47]} Kf5 {[%emt 0:39:05]} 52. Rf1+ {[%emt 0:24:11]} Ke6 {[%emt 0:39:25]} 53. Rg1 {[%emt 0:24:36]} Rb3+ {[%emt 0:39:13]} 54. Kxe4 {[%emt 0:24:48]} Rb4+ {[%emt 0:39:40]} 55. Ke3 {[%emt 0:24:07]} Kf5 {[%emt 0:40:05]} 56. Rf1+ {[%emt 0:21:56]} Rf4 {[%emt 0:40:31]} 57. Ra1 {[%emt 0:21:29]} g5 {[%emt 0:39:36]} 58. Ra8 {[%emt 0:18:39]} g4 {[%emt 0:38:26]} 59. Rf8+ {[%emt 0:16:22]} Kg5 {[%emt 0:38:49]} 60. Re8 {[%emt 0:15:09]} g3 {[%emt 0:37:28]} 61. Rxe5+ {[%emt 0:14:48]} Kg4 {[%emt 0:37:54]} 62. Re8 {[%emt 0:14:30]} Rf7 {[%emt 0:38:19]} 63. Ke2 {[%emt 0:10:38]} g2 {[%emt 0:37:59]} 64. Rg8+ {[%emt 0:10:41]} Kh3 {[%emt 0:38:26]} 65. Rh8+ {[%emt 0:11:02]} Kg3 {[%emt 0:38:53]} 66. Rg8+ {[%emt 0:11:27]} Kh2 {[%emt 0:39:19]} 67. Rh8+ {[%emt 0:11:55]} Kg1 {[%emt 0:39:45]} 68. Ra8 {[%emt 0:09:16]} Rh7 {[%emt 0:39:04]} 69. Rg8 {[%emt 0:05:46]} Kh2 {[%emt 0:39:15]} 70. Kf2 {[%emt 0:06:11]} g1=Q+ {[%emt 0:39:33]} 71. Rxg1 {[%emt 0:06:36]} Rf7+ {[%emt 0:40:00]} 0-1

[Event "German Masters Women 2018"]
[Site "Dresden"]
[Date "2018.08.09"]
[Round "6.5"]
[White "Klek, Hanna Marie"]
[Black "Lubbe, Melanie"]
[Result "1/2-1/2"]
[WhiteElo "2268"]
[BlackElo "2338"]
[Annotator "NA"]
[PlyCount "114"]
[EventDate "2018.08.04"]
[EventType "tourn"]
[EventCountry "GER"]
[SourceTitle "playchess.com"]
[Source "ChessBase"]
[SourceQuality "1"]
[TimeControl "40/5400+30:1800+30"]

1. e4 {[%emt 1:30:27]} c5 {[%emt 1:30:27]} 2. Nf3 {[%emt 1:30:53]} d6 {[%emt 1:30:52]} 3. d4 {[%emt 1:31:18]} cxd4 {[%emt 1:31:19]} 4. Nxd4 {[%emt 1:31:43]} Nf6 {[%emt 1:31:45]} 5. Nc3 {[%emt 1:32:08]} Nc6 {[%emt 1:32:11]} 6. Bg5 {[%emt 1:32:30]} e6 {[%emt 1:32:29]} 7. Qd2 {[%emt 1:32:54]} a6 {[%emt 1:32:34]} 8. O-O-O {[%emt 1:33:09]} Bd7 {[%emt 1:32:51]} 9. f4 {[%emt 1:33:21]} Be7 {[%emt 1:32:36]} 10. Nf3 {[%emt 1:33:40]} b5 {[%emt 1:32:17]} 11. a3 {[%emt 1:23:21]} h6 {[%emt 1:17:24]} 12. Bh4 {[%emt 1:19:30]} Qc7 {[%emt 1:11:12]} 13. e5 {[%emt 1:17:03]} dxe5 {[%emt 1:08:30]} 14. fxe5 {[%emt 1:16:37]} Ng4 {[%emt 1:06:12]} 15. Bxe7 {[%emt 1:09:55]} Kxe7 {[%emt 1:05:50]} 16. Bxb5 {[%emt 1:06:50]} Ngxe5 $14 {[%emt 0:57:36]} 17. Nxe5 {[%emt 1:05:07]} Nxe5 {[%emt 0:57:39]} 18. Bxd7 {[%emt 1:03:34]} Nxd7 {[%emt 0:54:22]} 19. Qd4 {[%emt 0:59:51]} Rab8 {[%emt 0:41:40]} 20. Qxg7 {[%emt 0:49:29]} Qf4+ {[%emt 0:29:57]} 21. Kb1 {[%emt 0:49:05]} Rbg8 {[%emt 0:25:23]} 22. g3 {[%emt 0:48:40]} Rxg7 {[%emt 0:23:20]} 23. gxf4 {[%emt 0:49:04]} Rg2 {[%emt 0:23:12]} 24. Rd4 {[%emt 0:41:56]} Nf6 {[%emt 0:19:48]} 25. Ra4 {[%emt 0:34:38]} Ra8 {[%emt 0:19:52]} 26. h3 {[%emt 0:33:22]} Rf2 {[%emt 0:16:06]} 27. Re1 {[%emt 0:29:22]} Rf3 {[%emt 0:15:55]} 28. h4 {[%emt 0:29:40]} Rb8 {[%emt 0:13:15]} 29. Rc4 {[%emt 0:28:48]} Rb7 {[%emt 0:13:06]} 30. b3 {[%emt 0:27:18]} Ng4 {[%emt 0:10:27]} 31. Nd5+ {[%emt 0:23:39]} Kd6 {[%emt 0:07:58]} 32. Nb4 {[%emt 0:23:31]} a5 {[%emt 0:07:04]} 33. Nc6 {[%emt 0:18:31]} Ne3 {[%emt 0:04:23]} 34. Rc3 {[%emt 0:18:23]} Rc7 {[%emt 0:03:50]} 35. Rcxe3 {[%emt 0:16:07]} Rxe3 {[%emt 0:04:15]} 36. Rxe3 {[%emt 0:16:31]} Rxc6 {[%emt 0:04:42]} 37. Re5 {[%emt 0:13:54]} a4 {[%emt 0:03:19]} 38. Kb2 {[%emt 0:13:39]} f5 {[%emt 0:02:57]} 39. Ra5 {[%emt 0:11:37]} axb3 {[%emt 0:03:19]} 40. cxb3 {[%emt 0:12:03]} Rc7 {[%emt 0:01:19]} 41. Ra4 {[%emt 0:02:31]} Rg7 {[%emt 0:21:54]} 42. Rc4 {[%emt 0:32:48]} e5 {[%emt 0:15:26]} 43. a4 {[%emt 0:25:13]} exf4 {[%emt 0:11:16]} 44. Rxf4 {[%emt 0:25:13]} Ke5 {[%emt 0:11:32]} 45. Rf1 {[%emt 0:24:28]} Rg4 {[%emt 0:04:57]} 46. a5 {[%emt 0:17:03]} Rxh4 {[%emt 0:05:23]} 47. Kc3 {[%emt 0:16:35]} f4 {[%emt 0:03:38]} 48. a6 {[%emt 0:15:04]} Rg4 {[%emt 0:03:33]} 49. b4 {[%emt 0:14:54]} Kd6 {[%emt 0:01:37]} 50. Rh1 {[%emt 0:11:29]} Rg6 {[%emt 0:00:37]} 51. a7 {[%emt 0:10:41]} Rg8 {[%emt 0:01:06]} 52. Rxh6+ {[%emt 0:11:02]} Kc7 {[%emt 0:01:26]} 53. b5 {[%emt 0:07:49]} Kb7 {[%emt 0:01:04]} 54. b6 {[%emt 0:07:37]} f3 {[%emt 0:01:02]} 55. Kd2 {[%emt 0:07:30]} Re8 {[%emt 0:01:19]} 56. Rf6 {[%emt 0:05:38]} f2 {[%emt 0:01:36]} 57. Rxf2 {[%emt 0:04:22]} Kxb6 {[%emt 0:02:01]} 1/2-1/2

[Event "German Masters Women 2018"]
[Site "Dresden"]
[Date "2018.08.10"]
[Round "7.1"]
[White "Lubbe, Melanie"]
[Black "Kachiani-Gersinska, Ketino"]
[Result "1-0"]
[WhiteElo "2338"]
[BlackElo "2347"]
[Annotator "NA"]
[PlyCount "54"]
[EventDate "2018.08.04"]
[EventType "tourn"]
[EventCountry "GER"]
[SourceTitle "playchess.com"]
[Source "ChessBase"]
[SourceQuality "1"]
[TimeControl "40/5400+30:1800+30"]

1. e4 {[%emt 1:30:28]} e5 {[%emt 1:30:20]} 2. Bc4 {[%emt 1:30:53]} Nc6 {[%emt 1:30:37]} 3. d3 {[%emt 1:29:14]} Nf6 {[%emt 1:30:08]} 4. Nc3 {[%emt 1:29:30]} Bc5 {[%emt 1:30:07]} 5. f4 {[%emt 1:29:08]} d6 {[%emt 1:30:16]} 6. Nf3 {[%emt 1:28:48]} Bg4 {[%emt 1:29:58]} 7. Na4 {[%emt 1:25:15]} Bxf3 {[%emt 1:12:41]} 8. Qxf3 {[%emt 1:25:32]} Nd4 {[%emt 1:13:04]} 9. Qd1 {[%emt 1:25:02]} Bb6 {[%emt 0:46:37]} 10. Nxb6 {[%emt 1:17:09]} axb6 {[%emt 0:47:05]} 11. c3 {[%emt 1:17:01]} b5 {[%emt 0:43:16]} 12. Bxf7+ {[%emt 0:43:44]} Kxf7 {[%emt 0:43:44]} 13. cxd4 {[%emt 1:13:28]} exd4 {[%emt 0:44:10]} 14. Qb3+ {[%emt 1:08:48]} d5 {[%emt 0:44:31]} 15. e5 {[%emt 1:02:42]} Ng4 {[%emt 0:36:24]} 16. Qxb5 {[%emt 1:01:39]} Ra6 {[%emt 0:34:47]} 17. Qc5 {[%emt 0:44:31]} Rh6 {[%emt 0:32:28]} 18. Qxd4 {[%emt 0:35:58]} Nxh2 {[%emt 0:32:38]} 19. Rg1 {[%emt 0:32:59]} Re8 {[%emt 0:20:08]} 20. Bd2 {[%emt 0:31:18]} b6 {[%emt 0:19:10]} 21. O-O-O {[%emt 0:30:22]} c5 {[%emt 0:19:35]} 22. Qf2 {[%emt 0:29:25]} d4 {[%emt 0:19:40]} 23. f5 {[%emt 0:24:37]} Ng4 {[%emt 0:17:21]} 24. Qg3 {[%emt 0:21:51]} Rh4 {[%emt 0:17:08]} 25. f6 {[%emt 0:20:41]} Qd5 {[%emt 0:14:16]} 26. Qxh4 {[%emt 0:13:09]} Qd8 27. Z0 {Ke8 ---} Nf2 1-0

[Event "German Masters Women 2018"]
[Site "Dresden"]
[Date "2018.08.10"]
[Round "7.2"]
[White "Heinemann, Josefine"]
[Black "Klek, Hanna Marie"]
[Result "1/2-1/2"]
[WhiteElo "2261"]
[BlackElo "2268"]
[Annotator "NA"]
[PlyCount "82"]
[EventDate "2018.08.04"]
[EventType "tourn"]
[EventCountry "GER"]
[SourceTitle "playchess.com"]
[Source "ChessBase"]
[SourceQuality "1"]
[TimeControl "40/5400+30:1800+30"]

1. d4 {[%emt 1:30:27]} d5 {[%emt 1:30:25]} 2. c4 {[%emt 1:30:54]} e6 {[%emt 1:30:51]} 3. Nf3 {[%emt 1:31:20]} Nf6 {[%emt 1:31:17]} 4. g3 {[%emt 1:31:45]} Be7 {[%emt 1:31:42]} 5. Bg2 {[%emt 1:32:07]} O-O {[%emt 1:32:07]} 6. O-O {[%emt 1:32:32]} dxc4 {[%emt 1:32:34]} 7. Ne5 {[%emt 1:32:47]} Nc6 {[%emt 1:32:46]} 8. Bxc6 {[%emt 1:33:12]} bxc6 {[%emt 1:33:12]} 9. Nxc6 {[%emt 1:33:38]} Qe8 {[%emt 1:33:36]} 10. Nxe7+ {[%emt 1:34:03]} Qxe7 {[%emt 1:34:02]} 11. Na3 {[%emt 1:34:27]} Rd8 {[%emt 1:31:00]} 12. Qc2 {[%emt 1:31:51]} Rxd4 {[%emt 1:25:35]} 13. Nxc4 {[%emt 1:32:10]} Bb7 {[%emt 1:11:22]} 14. Be3 {[%emt 1:24:56]} Rd5 {[%emt 1:10:57]} 15. f3 {[%emt 1:23:47]} e5 {[%emt 0:57:14]} 16. Nd2 {[%emt 1:15:33]} e4 {[%emt 0:43:28]} 17. Nxe4 {[%emt 1:09:23]} Nxe4 {[%emt 0:43:21]} 18. Qxe4 {[%emt 1:09:16]} Qxe4 {[%emt 0:42:50]} 19. fxe4 {[%emt 1:09:42]} Rb5 {[%emt 0:38:54]} 20. b3 {[%emt 1:09:11]} Bxe4 {[%emt 0:39:08]} 21. Rac1 {[%emt 1:08:17]} c6 {[%emt 0:38:56]} 22. Rc5 {[%emt 1:05:42]} a6 {[%emt 0:38:06]} 23. Rd1 {[%emt 1:04:10]} Bd5 {[%emt 0:37:53]} 24. Rd3 {[%emt 1:01:47]} h6 {[%emt 0:37:24]} 25. h4 {[%emt 0:59:32]} Re8 {[%emt 0:32:29]} 26. Rxb5 {[%emt 0:57:16]} axb5 {[%emt 0:32:52]} 27. a4 {[%emt 0:54:34]} bxa4 {[%emt 0:33:12]} 28. bxa4 {[%emt 0:55:00]} Bc4 {[%emt 0:33:32]} 29. Rc3 {[%emt 0:55:27]} Bxe2 {[%emt 0:32:54]} 30. Kf2 {[%emt 0:55:53]} Bd1 {[%emt 0:33:11]} 31. a5 {[%emt 0:56:02]} Ra8 {[%emt 0:33:16]} 32. Bb6 {[%emt 0:55:44]} Ba4 {[%emt 0:33:39]} 33. Rd3 {[%emt 0:54:44]} Bb5 {[%emt 0:33:44]} 34. Rd8+ {[%emt 0:54:58]} Rxd8 {[%emt 0:34:09]} 35. Bxd8 {[%emt 0:55:24]} Kf8 {[%emt 0:33:51]} 36. Bb6 {[%emt 0:55:21]} h5 {[%emt 0:33:05]} 37. Ke3 {[%emt 0:55:46]} Ke7 {[%emt 0:33:22]} 38. Kd4 {[%emt 0:55:55]} Kd7 {[%emt 0:33:24]} 39. Bc5 {[%emt 0:55:51]} Kc7 {[%emt 0:33:30]} 40. Bf8 {[%emt 0:56:15]} g6 {[%emt 0:33:56]} 41. Kc5 {[%emt 0:56:41]} Kb7 {[%emt 0:34:07]} 1/2-1/2

[Event "German Masters Women 2018"]
[Site "Dresden"]
[Date "2018.08.10"]
[Round "7.3"]
[White "Osmanodja, Filiz"]
[Black "Hoolt, Sarah"]
[Result "1-0"]
[WhiteElo "2350"]
[BlackElo "2357"]
[Annotator "NA"]
[PlyCount "59"]
[EventDate "2018.08.04"]
[EventType "tourn"]
[EventCountry "GER"]
[SourceTitle "playchess.com"]
[Source "ChessBase"]
[SourceQuality "1"]
[TimeControl "40/5400+30:1800+30"]

1. e4 {[%emt 1:29:58]} e5 {[%emt 1:30:21]} 2. Nf3 {[%emt 1:30:25]} Nf6 {[%emt 1:30:45]} 3. Nxe5 {[%emt 1:30:29]} d6 {[%emt 1:31:01]} 4. Nf3 {[%emt 1:30:53]} Nxe4 {[%emt 1:31:25]} 5. c4 {[%emt 1:31:17]} Be7 {[%emt 1:30:36]} 6. d4 {[%emt 1:30:58]} c6 {[%emt 1:29:14]} 7. Bd3 {[%emt 1:24:21]} d5 {[%emt 1:27:42]} 8. O-O {[%emt 1:22:54]} Nd7 {[%emt 1:22:08]} 9. Re1 {[%emt 1:15:56]} f5 {[%emt 1:19:28]} 10. cxd5 {[%emt 1:09:53]} cxd5 {[%emt 1:19:45]} 11. Qb3 {[%emt 1:08:58]} Ndf6 {[%emt 1:12:34]} 12. Bb5+ {[%emt 1:04:07]} Kf8 {[%emt 1:11:28]} 13. Nc3 {[%emt 0:59:00]} Qd6 {[%emt 0:55:38]} 14. a3 {[%emt 0:50:17]} Be6 {[%emt 0:45:19]} 15. Na4 {[%emt 0:44:50]} Ng4 {[%emt 0:39:21]} 16. Re2 {[%emt 0:33:47]} Rd8 {[%emt 0:31:07]} 17. g3 {[%emt 0:26:30]} g5 {[%emt 0:24:52]} 18. Nc5 {[%emt 0:25:15]} Bc8 {[%emt 0:25:16]} 19. Nxe4 {[%emt 0:18:54]} fxe4 {[%emt 0:25:42]} 20. Nxg5 {[%emt 0:18:28]} a6 {[%emt 0:19:44]} 21. f3 {[%emt 0:13:36]} Nh6 {[%emt 0:13:14]} 22. fxe4 {[%emt 0:11:34]} axb5 {[%emt 0:13:38]} 23. Bf4 {[%emt 0:08:19]} Qg6 {[%emt 0:13:51]} 24. Rf1 {[%emt 0:08:30]} Kg8 {[%emt 0:10:47]} 25. h4 {[%emt 0:03:26]} Be6 {[%emt 0:04:10]} 26. h5 {[%emt 0:02:28]} Qxg5 {[%emt 0:02:58]} 27. Bxg5 {[%emt 0:02:43]} Bxg5 {[%emt 0:03:28]} 28. exd5 {[%emt 0:01:28]} Bxd5 {[%emt 0:03:28]} 29. Re5 {[%emt 0:01:46]} Bxb3 {[%emt 0:01:41]} 30. Rxg5# {[%emt 0:02:11]} 1-0

[Event "German Masters Women 2018"]
[Site "Dresden"]
[Date "2018.08.10"]
[Round "7.4"]
[White "Schneider, Jana"]
[Black "Schleining, Zoya"]
[Result "1/2-1/2"]
[WhiteElo "2179"]
[BlackElo "2397"]
[Annotator "NA"]
[PlyCount "90"]
[EventDate "2018.08.04"]
[EventType "tourn"]
[EventCountry "GER"]
[SourceTitle "playchess.com"]
[Source "ChessBase"]
[SourceQuality "1"]
[TimeControl "40/5400+30:1800+30"]

1. e4 {[%emt 1:30:27]} c5 {[%emt 1:30:26]} 2. Nf3 {[%emt 1:30:49]} Nc6 {[%emt 1:30:52]} 3. d4 {[%emt 1:31:08]} cxd4 {[%emt 1:31:17]} 4. Nxd4 {[%emt 1:31:31]} g6 {[%emt 1:31:43]} 5. c4 {[%emt 1:31:44]} Bg7 {[%emt 1:32:05]} 6. Be3 {[%emt 1:31:46]} Nf6 {[%emt 1:32:13]} 7. Nc3 {[%emt 1:32:04]} d6 {[%emt 1:32:26]} 8. Be2 {[%emt 1:32:08]} O-O {[%emt 1:32:32]} 9. O-O {[%emt 1:32:22]} Bd7 {[%emt 1:28:09]} 10. Nc2 {[%emt 1:32:12]} a6 {[%emt 1:22:05]} 11. f3 {[%emt 1:29:22]} Qa5 {[%emt 1:13:51]} 12. Qd2 {[%emt 1:25:17]} Rfc8 {[%emt 1:04:45]} 13. Rac1 {[%emt 1:20:31]} Ne5 {[%emt 0:56:09]} 14. c5 {[%emt 1:16:16]} Bb5 {[%emt 0:45:01]} 15. Nxb5 {[%emt 0:59:35]} Qxd2 {[%emt 0:43:56]} 16. Bxd2 {[%emt 0:59:58]} axb5 {[%emt 0:44:17]} 17. cxd6 {[%emt 0:58:51]} exd6 {[%emt 0:43:36]} 18. Na3 {[%emt 0:54:19]} Nc6 {[%emt 0:41:10]} 19. Bxb5 {[%emt 0:51:12]} d5 {[%emt 0:41:00]} 20. Rfe1 {[%emt 0:40:49]} dxe4 {[%emt 0:40:00]} 21. fxe4 {[%emt 0:41:09]} Ng4 {[%emt 0:35:08]} 22. Bc3 {[%emt 0:34:23]} Bh6 {[%emt 0:33:31]} 23. Rcd1 {[%emt 0:33:32]} Be3+ {[%emt 0:31:03]} 24. Rxe3 {[%emt 0:17:45]} Nxe3 {[%emt 0:31:27]} 25. Rd7 {[%emt 0:18:00]} Ne5 {[%emt 0:14:39]} 26. Bxe5 {[%emt 0:12:55]} Rc1+ {[%emt 0:14:59]} 27. Kf2 {[%emt 0:13:22]} Ng4+ {[%emt 0:15:21]} 28. Ke2 {[%emt 0:11:17]} Nxe5 {[%emt 0:15:37]} 29. Rxb7 {[%emt 0:11:18]} Kg7 {[%emt 0:10:01]} 30. h3 {[%emt 0:06:54]} h5 {[%emt 0:09:41]} 31. Ke3 {[%emt 0:07:02]} Kf6 {[%emt 0:05:28]} 32. Rb6+ {[%emt 0:06:14]} Kg5 {[%emt 0:04:49]} 33. Kd4 {[%emt 0:05:23]} Rd8+ {[%emt 0:04:35]} 34. Ke3 {[%emt 0:05:14]} h4 {[%emt 0:04:36]} 35. Be2 {[%emt 0:05:01]} f6 {[%emt 0:03:44]} 36. Nb5 {[%emt 0:04:28]} Rc2 {[%emt 0:03:17]} 37. Nd6 {[%emt 0:03:32]} Rc1 {[%emt 0:02:18]} 38. a4 {[%emt 0:02:43]} Ra1 {[%emt 0:02:14]} 39. b3 {[%emt 0:02:25]} Ra2 {[%emt 0:02:03]} 40. Bf1 {[%emt 0:01:03]} Rd7 {[%emt 0:01:11]} 41. Nb5 {[%emt 0:23:07]} Ra1 {[%emt 0:28:20]} 42. Be2 {[%emt 0:22:51]} Rg1 {[%emt 0:28:16]} 43. Kf2 {[%emt 0:13:13]} Ra1 {[%emt 0:27:27]} 44. Ke3 {[%emt 0:11:22]} Rg1 {[%emt 0:25:39]} 45. Kf2 {[%emt 0:10:23]} Ra1 {[%emt 0:25:42]} 1/2-1/2

[Event "German Masters Women 2018"]
[Site "Dresden"]
[Date "2018.08.10"]
[Round "7.5"]
[White "Sieber, Fiona"]
[Black "Fuchs, Judith"]
[Result "1/2-1/2"]
[WhiteElo "2290"]
[BlackElo "2276"]
[Annotator "NA"]
[PlyCount "68"]
[EventDate "2018.08.04"]
[EventType "tourn"]
[EventCountry "GER"]
[SourceTitle "playchess.com"]
[Source "ChessBase"]
[SourceQuality "1"]
[TimeControl "40/5400+30:1800+30"]

1. e4 {[%emt 1:30:27]} c5 {[%emt 1:30:24]} 2. Nf3 {[%emt 1:30:53]} d6 {[%emt 1:30:49]} 3. d4 {[%emt 1:31:14]} cxd4 {[%emt 1:31:14]} 4. Nxd4 {[%emt 1:31:46]} Nf6 {[%emt 1:31:44]} 5. Nc3 {[%emt 1:32:11]} a6 {[%emt 1:32:03]} 6. Be3 {[%emt 1:32:35]} e6 {[%emt 1:32:27]} 7. f3 {[%emt 1:32:52]} b5 {[%emt 1:32:02]} 8. Qd2 {[%emt 1:33:05]} Nbd7 {[%emt 1:32:13]} 9. g4 {[%emt 1:33:26]} b4 {[%emt 1:32:29]} 10. Nce2 {[%emt 1:33:47]} h6 {[%emt 1:32:50]} 11. O-O-O {[%emt 1:33:50]} Qc7 {[%emt 1:33:03]} 12. h4 {[%emt 1:33:45]} d5 {[%emt 1:33:24]} 13. g5 {[%emt 1:33:51]} hxg5 {[%emt 1:33:26]} 14. exd5 {[%emt 1:34:00]} Nxd5 {[%emt 1:33:34]} 15. Bxg5 {[%emt 1:34:23]} e5 {[%emt 1:33:06]} 16. Nf4 {[%emt 1:13:41]} Nxf4 {[%emt 1:22:41]} 17. Bxf4 {[%emt 1:14:06]} exf4 {[%emt 1:09:21]} 18. Re1+ {[%emt 0:59:28]} Kd8 {[%emt 1:02:42]} 19. Bh3 {[%emt 0:45:15]} Bc5 {[%emt 0:52:46]} 20. Rd1 {[%emt 0:44:36]} Qd6 {[%emt 0:45:11]} 21. Qe2 {[%emt 0:22:48]} Bxd4 {[%emt 0:31:38]} 22. Qe4 {[%emt 0:23:14]} Be3+ {[%emt 0:27:33]} 23. Kb1 {[%emt 0:23:43]} Qb8 {[%emt 0:24:46]} 24. Bxd7 {[%emt 0:21:37]} Bxd7 {[%emt 0:25:00]} 25. Rxd7+ {[%emt 0:21:35]} Kxd7 {[%emt 0:25:24]} 26. Rd1+ {[%emt 0:22:02]} Qd6 {[%emt 0:25:17]} 27. Qb7+ {[%emt 0:21:49]} Ke6 {[%emt 0:25:28]} 28. Rxd6+ {[%emt 0:22:15]} Kxd6 {[%emt 0:25:54]} 29. Qxb4+ {[%emt 0:22:32]} Ke6 {[%emt 0:24:39]} 30. Qe4+ {[%emt 0:22:26]} Kf6 {[%emt 0:24:36]} 31. Qc6+ {[%emt 0:22:42]} Ke7 {[%emt 0:22:58]} 32. Qb7+ {[%emt 0:22:56]} Ke6 {[%emt 0:22:28]} 33. Qe4+ {[%emt 0:23:01]} Kd7 {[%emt 0:22:10]} 34. Qb7+ {[%emt 0:23:27]} Ke6 {[%emt 0:22:31]} 1/2-1/2